ბათუმის შოთა რუსთაველის სახელმწიფო უნივერსიტეტის ბიბლიოთეკა

Alarm Call. (ბიბ.ჩანაწერი № 47553)

000 -LEADER
fixed length control field 00424nam a2200205Ia 4500
001 - CONTROL NUMBER
control field 14417
003 - CONTROL NUMBER IDENTIFIER
control field GE_BSU
008 - FIXED-LENGTH DATA ELEMENTS--GENERAL INFORMATION
fixed length control field 181216s||||||||xx |||||||||||||| ||und||
020 ## - INTERNATIONAL STANDARD BOOK NUMBER
International Standard Book Number 0755321049
040 ## - CATALOGING SOURCE
Transcribing agency GE_BSU
080 ## - UNIVERSAL DECIMAL CLASSIFICATION NUMBER
Universal Decimal Classification number 821.111-3
100 ## - MAIN ENTRY--PERSONAL NAME
Personal name Jardine,Quintin
245 ## - TITLE STATEMENT
Title Alarm Call.
260 ## - PUBLICATION, DISTRIBUTION, ETC.
Place of publication, distribution, etc. London
260 ## - PUBLICATION, DISTRIBUTION, ETC.
Name of publisher, distributor, etc. Headline
260 ## - PUBLICATION, DISTRIBUTION, ETC.
Date of publication, distribution, etc. 2004
300 ## - PHYSICAL DESCRIPTION
Extent 371p.18cm.
653 ## - INDEX TERM--UNCONTROLLED
Uncontrolled term Alarm Call.
942 ## - ADDED ENTRY ELEMENTS (KOHA)
Koha item type წიგნი
ეგზემპლარები
Withdrawn status Lost status Damaged status Not for loan Date acquired Barcode Date last seen Price effective from Koha item type
        2018-12-17 37271 2018-12-17 2018-12-17 წიგნი